000
00277nam a2200121Ia 4500
008
221030s9999 xx 000 0 und d
041
_a
English
100
_a
K. A. Robbins
245
0
_a
UNIX Systems Programming
_c
by K. A. Robbins
260
_c
0
650
_a
Mc
942
_c
BK
999
_c
16474
_d
16474